Szczegóły MARC21

Slovar' sinonimov russkogo âzyka : okolo 9 000 sinonimičeskih râdov /

003 -Nazwa inst., której nr kontr. jest w polu 001 [,]
    • @
    • Nazwa instytucji, której n kontrolny jest w polu 001
    • NUKAT
005 -DATA I CZAS OSTATNIEJ MODYFIKACJI [,]
    • @
    • pole kontrolne
    • 20241231090814.0
040 -Instytucja sporządzająca opis [ , ]
    • a
    • Instytucja, która sporządziła opis (NP)
    • KAT U/41BM
    • c
    • Instytucja, która sporządziła rekord (NP)
    • KAT U/41BM
    • d
    • Instytucja, która zmodyfikowała rekord (P)
    • KAT U/41BM
942 -Rodzaj dokumentu [ , ]
    • c
    • Rodzaj dokumentu
    • Książka
100 -Hasło główne - nazwa osobowa [1, ]
    • a
    • Nazwa osobowa (NP)
    • Aleksandrova, Zinaida Evgenʹevna
    • d
    • Daty biograficzne (NP)
    • (1913- ).
    • 9
    • KHW
    • 50259
245 -Strefa tytułu i oznaczenia odpowiedzialności [1,0]
    • a
    • Tytuł
    • Slovar' sinonimov russkogo âzyka : Find
    • b
    • Ciąg dalszy tytułu (NP)
    • okolo 9 000 sinonimičeskih râdov / Find
    • c
    • Pozostałe elementy strefy tytułu i oznaczenia odpowiedzialności (NP)
    • Z. E. Aleksandrova ; pod red. L. A. Češko.
250 -Strefa wydania [ , ]
    • a
    • Oznaczenie wydania (NP)
    • Izd. 4-oe.
260 -Strefa adresu wydawniczego [ , ]
    • a
    • Miejsce wydania (P)
    • Moskva :
    • b
    • Nazwa wydawcy (P)
    • "Russkij âzyk",
    • c
    • Data wydania (P)
    • 1975.
300 -Strefa opisu fizycznego [ , ]
    • a
    • Określenie formy książki i/lub objętość (NP)
    • 600 s. ;
    • c
    • Format (NP)
    • 21 cm.
336 -Typ zawartości [ , ]
    • a
    • Termin opisujący typ zawartości
    • Tekst
    • b
    • Kod określający zawartość
    • txt
    • 2
    • Źródło (terminu i kodu)
    • rdacontent
337 -Typ mediów [ , ]
    • a
    • Tryb odtwarzania
    • Bez urządzenia pośredniczącego
    • b
    • Kod typu mediów
    • n
    • 2
    • Źródło (terminu i kodu)
    • rdamedia
338 -Typ/rodzaj nośnika [ , ]
    • a
    • Hasło opisujące typ nośnika
    • Wolumin
    • b
    • Kod typu nośnika
    • nc
    • 2
    • Źródło (terminu i kodu)
    • rdacarrier
080 -Uniwersalna Klasyfikacja Dziesiętna [ , ]
    • a
    • Symbol klasyfikacji
    • 808.2-314.1(03)
080 -Uniwersalna Klasyfikacja Dziesiętna [ , ]
    • a
    • Symbol klasyfikacji
    • :808.2-323.1
080 -Uniwersalna Klasyfikacja Dziesiętna [ , ]
    • a
    • Symbol klasyfikacji
    • :801.32=82
650 -Hasło przedmiotowe [ ,7]
    • a
    • Hasło przedmiotowe
    • Język rosyjski
    • x
    • Określnik rzeczowy
    • synonimy i antonimy
    • v
    • Określnik formalny
    • słowniki.
    • 2
    • Źródło terminu
    • kaba
    • 9
    • KHW
    • 365839
980 -Symbol UKD [ , ]
    • a
    • UKD
    • 808.2-314.1(03):808.2-323.1:801.32=82
700 -Hasło dodatkowe - nazwa osobowa [1, ]
    • a
    • Nazwa osobowa (NP)
    • Češko, Lev Antonovič. Find
    • e
    • Określenie rodzaju współpracy
    • Red.
    • 9
    • KHW
    • 415995
Numer inwentarzowy Sygnatura Status udost. Data inwentaryzacji Lokalizacja
W.50969    
W.50966 -3  
Z.22062Z.2206211996-01-24BG
W.50963 -31996-01-24BG
W.50970 -31996-01-24BG
W.50968 -3 BG
W.50967 -3 BG
W.50965 -3 BG
W.50964 -3 BG
R.6158 1 BM
R.117ROS. Słowniki synonimów 0411996-01-24BM